| 000 | 01246nam a22003737a 4500 | ||
|---|---|---|---|
| 003 | CHAP | ||
| 005 | 20220329143434.0 | ||
| 008 | 090824s2008 it rn 00010 fre d | ||
| 010 | _a96605 | ||
| 011 | _a97577 | ||
| 020 | _a9789252058380 | ||
| 035 | _a108245 | ||
| 040 | _cCHAP | ||
| 082 | 0 | 4 |
_a641.30218 _bF265f |
| 110 | 2 |
_aFAO. Comisión del Codex Alimentarius _939482 |
|
| 245 | 1 | 0 |
_aCodex alimentarius : _bProduction animale _c/par FAO. Commission du Codex Alimentarius |
| 260 |
_aRome : _bFAO, _c2008 |
||
| 300 | _a215 p. | ||
| 490 | _aPrograma conjunto FAO/OMS sobre normas alimentarias | ||
| 590 |
_aBATCH-UPD _b10 _c20130110 _lUCH01 _h0844 |
||
| 590 |
_aCONVERSION _b10 _c20130109 _lUCH01 _h1353 |
||
| 650 | 1 | 4 |
_aAlimentos. _94114 |
| 650 | 1 | 4 |
_aAlimentos _xHigiene. _94224 |
| 650 | 1 | 4 |
_aCalidad _xControl de la. _917484 |
| 650 | 1 | 4 |
_aCarne _xNormas de calidad. _919103 |
| 650 | 1 | 4 |
_aHuevos _xNormas de calidad. _956755 |
| 650 | 1 | 4 |
_aInocuidad alimentaria. _958836 |
| 650 | 1 | 4 |
_aProductos animales. _992040 |
| 830 | 0 |
_aPrograma conjunto FAO/OMS sobre normas alimentarias _992254 |
|
| 901 | _aBK | ||
| 911 | _aen proceso | ||
| 942 | _cLIBRO | ||
| 949 |
_a641.30218 F265f _bBC _cFAO _d33724002098040 _eFAO1 _gDonaciØn _h110857 _i108245 _sb |
||
| 999 |
_c96605 _d96605 |
||